Diet preferences of laboratory reared white grubs /

Bibliographic Details
Main Author: Bueno, R.
Corporate Author: Texas Agricultural Experiment Station
Other Authors: Hinojos, Jose, 1957-
Format: Government Document Book
Language:English
Published: College Station, Tex. : Texas Agricultural Experiment Station, Texas A&M University System, [1990]
Series:Miscellaneous publication (Texas Agricultural Experiment Station) ; no.1687.
Subjects:

MARC

Tag First Indicator Second Indicator Subfields
LEADER 00000cam a2200000 a 4500
001 in00001395310
005 20151020053458.0
008 910605s1990 txu s000 0 eng d
035 |a (OCoLC)23885006 
035 |9 AHM8346AM 
040 |a IKM  |c IKM  |d TXA  |d UtOrBLW 
049 |a TXAO 
086 |a Z TA245.7 M681 no.1687  |2 txdocs 
100 1 |a Bueno, R. 
245 1 0 |a Diet preferences of laboratory reared white grubs /  |c R. Bueno, Jr., and Jose Hinojos. 
264 1 |a College Station, Tex. :  |b Texas Agricultural Experiment Station, Texas A&M University System,  |c [1990] 
300 |a 3 unnumbered pages ;  |c 28 cm. 
336 |a text  |b txt  |2 rdacontent 
337 |a unmediated  |b n  |2 rdamedia 
338 |a volume  |b nc  |2 rdacarrier 
490 1 |a MP ;  |v 1687 
500 |a "August 1990". 
504 |a Includes bibliographical references (page [2]). 
650 0 |a Cyclocephala pasadenae. 
650 0 |a Phyllophaga crinita. 
650 0 |a Turfgrasses  |x Diseases and pests  |z Texas, West. 
700 1 |a Hinojos, Jose,  |d 1957- 
710 2 |a Texas Agricultural Experiment Station. 
830 0 |a Miscellaneous publication (Texas Agricultural Experiment Station) ;  |v no.1687. 
999 |a MARS 
999 f f |s 7f883408-1c3c-3e9c-b4f3-3a3b30a4520d  |i 074e9dc0-7294-39fc-a15e-70f1ba84a724  |t 0 
952 f f |p normal  |a Texas A&M University  |b College Station  |c Sterling C. Evans Library  |d Evans: Preservation Digitization (see AskUs desk for assistance)  |t 0  |e Z TA245.7 M681 no.1687  |h Superintendent of Documents classification  |i unmediated -- volume  |m A14838431444 
998 f f |a Z TA245.7 M681 no.1687  |t 0  |l Evans: Texas Documents (Annex 5th floor)